National Anthem of Switzerland (Full German) - Schweizerpsalm - Statistics

General Stats
  • This quiz has been taken 6 times
  • The average score is 67 of 171
Answer Stats
Lyrics % Correct
im
100%
daher,
83%
Morgenrot
83%
Strahlenmeer,
83%
Trittst
83%
dich
67%
Dich,
67%
du
67%
Du,
67%
Eure
67%
ich
67%
Schweizer,
67%
Seh'
67%
Betet,
50%
betet,
50%
den
50%
der
50%
fromme
50%
Gott
50%
Gott,
50%
Herrlicher!
50%
Hocherhabener,
50%
Kommst
50%
un
50%
ahnt...
33%
ahnt
33%
Alpenfirn
33%
die
33%
freie
33%
hehren
33%
Herrn
33%
Herrn,
33%
rötet,
33%
Seele
33%
sich
33%
und
33%
Und
33%
Vaterland!
33%
Wenn
33%
Abendglühn
17%
dem
17%
Denn
17%
des
17%
Find
17%
froh
17%
Himmels
17%
In
17%
Ja,
17%
Kann
17%
lichten
17%
Liebender!
17%
Räumen
17%
selig
17%
Sternenheer,
17%
träumen;
17%
allmächtig
0%
Aus
0%
Bist
0%
Bricht
0%
Ewiger!
0%
Fährst
0%
Gewitternacht
0%
grauen
0%
Grauen
0%
Hort
0%
ihm
0%
kindlich
0%
klar
0%
Lasst
0%
Luftgebilde
0%
Menschenfreudlicher,
0%
milde,
0%
Nebelflor
0%
Rettender!
0%
selbst
0%
Sonne
0%
Sturm
0%
Such
0%
Unergründlicher,
0%
uns
0%
vertrauen!
0%
Waltender,
0%
Wehr,
0%
wilden
0%
Wolkenmeer,
0%
Ziehst
0%
No matching quizzes found
Score Distribution
Percent of People with Each Score
Percentile by Number Answered
Your Score History
You have not taken this quiz